000 00762cam a2200217 4500
001 ABS66051
008 021025n2002 000 0 eng u
035 _a(Sirsi) u120263
100 _aPearson, D.
245 _aPurchasing pitfalls: delegated authority
260 _c2002
490 _aFacilities Management
_v September 2002, 22-23(2)
520 _aThe article outlines some practical issues that stem from the basic principles of contract law. Briefly discussed are the issue of delegated authority and the essential elements of a binding contract.
590 _aABS
650 _aDELEGATED AUTHORITY
650 _aBINDING CONTRACTS
650 _aCONTRACT LAW
650 _aPURCHASING
690 _aMANAGEMENT-FACILITIES MANAGEMENT
942 _n0
999 _c71447
_d71447